000 00337 a2200169 4500
001 44308
020 _a858804403X
040 _cAnchieta - Aquarius
100 _aBelinky, Tatiana
240 1 0 _a*ABC
_lpor
245 1 0 _a*ABC
300 _a31
362 0 _a2001
440 1 _aElementar
650 4 _aLiteratura infantil
942 _cBK
999 _c44308
_d44308